000 01118nam a2200253 a 4500
001 65721
003 BD-RjUL
005 20211209081445.0
008 170223s1986 ii |||| |||| 000 0 ben d
020 _c: Tk. 25.00
035 _a(BD-RjUL)65851
040 _aBD-RjUL
_bben
_cBD-RjUL
_dBD-RjUL
041 _aben
082 _223
_a891.44109
_bCHP 1986
100 1 _aচট্টোপাধ্যায়, সুনীতিকুমার
_9192373
245 _aপদাবলী-পরিচয় /
_c সুনীতিকুমার চট্টোপাধ্যায় ও হরেকৃষ্ণ মুখোপাধ্যায়
250 _a২য় সং.
260 _aকলিকাতা :
_bদেজ পাবলিশিং ;
_c১৯৮৬ [১৩৯৩]
300 _a১৯৫ পৃ. ;
_c১৯ সেমি.
650 _aবাংলা কবিতা
_xইতিহাস ও সমালোচনা
_9191619
650 _aBengali Poetry
_xHistory and Criticism
_9186582
700 _aমুখোপাধ্যায়, হরেকৃষ্ণ
_9192374
942 _2ddc
_cBK
999 _c65721
_d65721